Central Library OPAC University of Rajshahi

Essentials of management : (Record no. 53268)

MARC details
000 -LEADER
fixed length control field 00912nam a2200289 a 4500
001 - CONTROL NUMBER
control field 53268
003 - CONTROL NUMBER IDENTIFIER
rucl marc code BD-RjUL
005 - DATE AND TIME OF LATEST TRANSACTION
control field 20211209075932.0
008 - FIXED-LENGTH DATA ELEMENTS--GENERAL INFORMATION
fixed length control field 161004s2007 i a b 001 0 eng
020 ## - INTERNATIONAL STANDARD BOOK NUMBER
International Standard Book Number 9780070620308
International Standard Book Number 007062030X
035 ## - SYSTEM CONTROL NUMBER
System control number (BD-RjUL)53388
040 ## - CATALOGING SOURCE
Original cataloging agency DLC
Transcribing agency DLC
Modifying agency BD-RjUL
Language of cataloging eng
041 ## - LANGUAGE CODE
Language code of text/sound track or separate title eng
082 ## - DEWEY DECIMAL CLASSIFICATION NUMBER
Edition number 23
Classification number 658
Author mark and year KOE 2007
100 1# - MAIN ENTRY--PERSONAL NAME
Personal name Koontz, Harold,
Dates associated with a name 1908-
9 (RLIN) 159223
245 10 - TITLE STATEMENT
Title Essentials of management :
Remainder of title an international Perspective /
Statement of responsibility, etc. Harold Koontz, Heinz Weihrich.
250 ## - EDITION STATEMENT
Edition statement 7th ed.
260 ## - PUBLICATION, DISTRIBUTION, ETC. (IMPRINT)
Place of publication, distribution, etc. New Delhi :
Name of publisher, distributor, etc. McGraw-Hill Publishing,
Date of publication, distribution, etc. c2007.
300 ## - PHYSICAL DESCRIPTION
Pagination xxx, 474 p. :
Illustrations ill. ;
Size 24 cm.
490 1# - SERIES STATEMENT
Series statement McGraw-Hill series in management
504 ## - BIBLIOGRAPHY, ETC. NOTE
Bibliography, etc Includes bibliographical references and Index.
650 #0 - SUBJECT ADDED ENTRY--TOPICAL TERM
Topical term or geographic name as entry element Management.
9 (RLIN) 159224
700 1# - ADDED ENTRY--PERSONAL NAME
Personal name Weihrich, Heinz.
830 #0 - SERIES ADDED ENTRY--UNIFORM TITLE
Uniform title McGraw-Hill series in management.
942 ## - ADDED ENTRY ELEMENTS (KOHA)
Source of classification or shelving scheme Dewey Decimal Classification
Koha item type Books
Holdings
Lost status Source of classification or shelving scheme Damaged status Not for loan Collection code Permanent Location Current Location Shelving location Date acquired Source of acquisition Cost, normal purchase price Total Checkouts Full call number Date last seen Copy number Koha item type
  Dewey Decimal Classification     Non-fiction Central Library, University of Rajshahi Central Library, University of Rajshahi   26/05/2008 Dhaka,Paragon Enterprise Lit., 250.00   658 KOE 2007 04/10/2016 C-2 Books
  Dewey Decimal Classification   Not For Loan Non-fiction Central Library, University of Rajshahi Central Library, University of Rajshahi Reading Room 26/05/2008 Dhaka,Paragon Enterprise Lit., 250.00   658 KOE 2007 20/12/2016 C-1 Books
  Dewey Decimal Classification     Non-fiction Central Library, University of Rajshahi Central Library, University of Rajshahi   26/07/2008 Paragon Interprise , Dhaka 250.00   658 KOE 2007 04/05/2019 C-3 Books
  Dewey Decimal Classification     Non-fiction Central Library, University of Rajshahi Central Library, University of Rajshahi   26/05/2008 Paragon Interprise , Dhaka 250.00   658 KOE 2007 04/05/2019 C-4 Books